000 00611nam a2200229Ia 4500
003 OSt
005 20240715141559.0
008 210210b2008 xxu||||| |||| 00| 0 eng d
040 _cAL
041 _aeng
082 _a820.9145 BEEH
100 _aBEERS (Henry A)
_9173471
245 _aHistory of English romanticism: Nineteenth Century
260 _aNew Delhi
_bSrishti book distributors
_c2008
300 _aix, 361
440 _aVol II
_9173472
650 _aWalter Scott
_9173473
650 _aPre raphaelites
_9173476
690 _aEnglish Criticism
_9173489
906 _a067632
942 _2ddc
_cBK
999 _c152428
_d152428